000 00417nam a2200181Ia 4500
001 2060
005 20260306143814.0
008 260306t2011||||xx |||||||||||||| ||spa||
041 _aESP
082 _a611.8
_bW919
100 _aWaxman, Stephen G.
_eAUT
245 0 _aNeuroanatomía clínica
260 _c2011
300 _a366 páginas :
_c29 cm.
650 _aGEN
654 _aCPS
942 _cLIB
_dJUS
_fJUS
_2ddc
_n
999 _c2060
_d2060